书目信息 |
| 题名: |
大成拳
|
|
| 作者: | 胥荣东 编著 | |
| 分册: | ||
| 出版信息: | 北京 宗教文化出版社 2003 |
|
| 页数: | 684页 | |
| 开本: | 20cm | |
| 丛书名: | ||
| 单 册: | ||
| 中图分类: | G852.19 | |
| 科图分类: | ||
| 主题词: | 拳术--中国 , 拳术 | |
| 电子资源: | ||
| ISBN: | 7-80123-499-5 | |
| 000 | 00929nam0 2200265 45 | |
| 001 | 1130765937 | |
| 005 | 20110310095119.60 | |
| 010 | @a7-80123-499-5@dCNY34.00 | |
| 100 | @a20110121e20052003em y0chiy50 ea | |
| 101 | 0 | @achi |
| 102 | @aCN@b110000 | |
| 105 | @aa z 000yd | |
| 106 | @ar | |
| 200 | 1 | @a大成拳@ADa Cheng Quan@e禅拳合一的中国武术@EChan Quan He Yi De Zhong Guo Wu Shu@f胥荣东编著@FXu Rong Dong Bian Zhu |
| 210 | @a北京@c宗教文化出版社@d2003@h2005 | |
| 215 | @a684页@c照片@d20cm | |
| 330 | @a本书分上、中、下三篇,讲述了有关武术、气功及禅学方面的知识。着重介绍了大成拳的站桩、试力、步法、推手、试声、发力及实作七个部分。 | |
| 517 | 1 | @a禅拳合一的中国武术@AChan Quan He Yi De Zhong Guo Wu Shu |
| 606 | 0 | @a拳术@y中国 |
| 606 | 0 | @a拳术 |
| 610 | 0 | @a大成拳 |
| 690 | @aG852.19@v4 | |
| 701 | 0 | @a胥荣东@AXu Rong Dong@f(1962~)@4编著 |
| 801 | 0 | @aCN@bTANGWEI@c20110310 |
| 905 | @b0532214-17@dG852.19@e206@f4 | |
| 大成拳:禅拳合一的中国武术/胥荣东编著.-北京:宗教文化出版社,2003(2005) |
| 684页:照片;20cm |
| ISBN 7-80123-499-5:CNY34.00 |
| 本书分上、中、下三篇,讲述了有关武术、气功及禅学方面的知识。着重介绍了大成拳的站桩、试力、步法、推手、试声、发力及实作七个部分。 |
| ● |
| 相关链接 |
|
|
|
|
正题名:大成拳
索取号:G852.19/206
 
预约/预借
| 序号 | 登录号 | 条形码 | 馆藏地/架位号 | 状态 | 备注 |
| 1 | 0532214 | 205322140 | 第一样本阅览室/ [索取号:G852.19/206] | 在馆 | |
| 2 | 0532215 | 205322159 | 密集书库-体育系/ [索取号:G852.19/206] | 在馆 | |
| 3 | 0532216 | 205322168 | 第四借阅区/ [索取号:G852.19/206] | 在馆 | |
| 4 | 0532217 | 205322177 | 第四借阅区/ [索取号:G852.19/206] | 在馆 |